000
00334nam a22001577a 4500
003
SGT
020
_a
978-0-07-462320-6
082
_a
616.01
_b
M17P
100
_a
PELCZAR, MICHAEL.J.
245
_a
MICROBIOLOGY
250
_a
5TH
260
_a
CHENNAI
_b
MC.GRAWHILL
_c
2017
300
_a
918
650
_a
PHARMACY
942
_2
ddc
_c
BK
_0
6
999
_c
11633
_d
11633